00732nam a2200181Ia 4500003000900000008004100009020001800050040001600068080001700084111008500101245018700186260003600373300001000409650004100419650003600460700002500496700002900521IN-BaIIA211028s9999 xx 000 0 eng d a0-460-04254-8 cIIA Library a52(091)bBUR aEinstein Centennial Celebration Science SymposiumcCarbondaled1979 Feb 23-Mar 2 4athe age of stonehengebproceedings of Einstein centennial celebration science Symposium held at Carbondale, February 23 - March 2, 1979cedited by Colin Burgess and Richard S Millman aLondonbJ. M. Dent & Sonsc1980 a402p. aAstronomy and Astrophysics thesaurus aHistory of Astronomy stonehenge aBurgess, Colin., ed. aMillman, Richard S., ed.